00213nam a22000857a 4500003000900000005001700009245006000026250001000086260003100096AR-BeUNQ20230328153845.001aLos ojos del perro siberianocSanta Ana, Antoniohlibro01a1a.ed aBogotá : bNorma, c2010